[Event "Rated Blitz game"]
[Site "?"]
[Date "2021.05.25"]
[Round "?"]
[White "pombooo"]
[Black "Suffkopf97"]
[Result "0-1"]
[WhiteElo "2389"]
[BlackElo "2418"]
[PlyCount "156"]
[EventDate "2021.??.??"]
[EventType "blitz"]
[TimeControl "180"]

1. e4 e5 2. Nf3 Nc6 3. Nc3 Nf6 4. Nxe5 Nxe5 5. d4 Ng6 6. e5 Bb4 7. exf6 Qxf6 8.
Bd3 O-O 9. Be3 d5 10. a3 Bxc3+ 11. bxc3 Nf4 12. Qf3 Re8 13. O-O Nxd3 14. cxd3
Qxf3 15. gxf3 Bf5 16. Rfd1 c6 17. Rab1 b6 18. Kf1 h6 19. Ke2 f6 20. h4 g5 21.
h5 Kf7 22. Rg1 Re7 23. Kd2 Rae8 24. a4 Ke6 25. Rb2 Kd6 26. c4 Be6 27. c5+ bxc5
28. dxc5+ Kc7 29. Rgb1 Bc8 30. Kc3 Re5 31. f4 Rf5 32. fxg5 fxg5 33. Bd4 Rf3 34.
Bg7 Ba6 35. Rd2 Re6 36. Bd4 Rh3 37. Rf1 Rxh5 38. f4 gxf4 39. Rxf4 Re7 40. Rf3
Rh1 41. Kb2 h5 42. Rg2 h4 43. Be3 h3 44. Rgg3 h2 45. Bf4+ Kd7 46. Rh3 Re2+ 47.
Kc3 Ke6 48. Bb8 Rc1+ 49. Kd4 h1=Q 50. Rxh1 Rxh1 51. Bxa7 Rh4+ 52. Kc3 Ra2 53.
Re3+ Kd7 54. Rg3 Rhxa4 55. Bb6 Bxd3 56. Rxd3 R2a3+ 57. Kd2 Rxd3+ 58. Kxd3 Rc4
59. Ke3 Ke6 60. Kd3 Ke5 61. Ke3 Rc3+ 62. Kd2 d4 63. Ke2 Kd5 64. Kd2 Rxc5 65.
Ke2 Rb5 66. Kd2 Rxb6 67. Kd1 Rb3 68. Kd2 Kc4 69. Kd1 Kc3 70. Kc1 Rb4 71. Kd1
Rb1+ 72. Ke2 Kc2 73. Kf3 d3 74. Ke4 d2 75. Kd4 d1=Q+ 76. Kc4 Qe2+ 77. Kc5 Rd1
78. Kxc6 Qc4+ {Time forfeit} 0-1

[Event "Rated Blitz game"]
[Site "?"]
[Date "2021.05.25"]
[Round "?"]
[White "khalid_ontawar"]
[Black "aeminovsensey1"]
[Result "0-1"]
[WhiteElo "2449"]
[BlackElo "2449"]
[PlyCount "106"]
[EventDate "2021.??.??"]
[EventType "blitz"]
[TimeControl "180"]

1. e4 e5 2. Nc3 Nf6 3. Nf3 Nc6 4. Nxe5 Nxe5 5. d4 Nc6 6. d5 Bb4 7. dxc6 Nxe4 8.
cxd7+ Qxd7 9. Qxd7+ Bxd7 10. Bd2 Nxc3 11. Bxc3 Bxc3+ 12. bxc3 O-O-O 13. O-O-O
Be6 14. a3 Rxd1+ 15. Kxd1 Rd8+ 16. Kc1 a6 17. Bd3 h6 18. Re1 c6 19. f4 Kc7 20.
g3 Re8 21. Kd2 Bd7 22. Rb1 a5 23. Rf1 b6 24. Rf2 f6 25. Rf1 c5 26. Bc4 Bc6 27.
f5 Re4 28. Be6 Ra4 29. Ra1 b5 30. Bb3 Re4 31. Be6 Kb6 32. Rb1 Ra4 33. Ra1 b4
34. cxb4 cxb4 35. Re1 Rxa3 36. Bc4 Rf3 37. Bd3 Rf2+ 38. Kc1 Rxh2 39. Re7 a4 40.
Rxg7 a3 41. Bc4 Kc5 42. Bb3 Rf2 43. g4 Rf4 44. Rg6 Bd5 45. Rxf6 Rxg4 46. Rxh6
Rg1+ 47. Kd2 Bxb3 48. c3 a2 49. cxb4+ Kxb4 50. Rh4+ Ka3 51. Ke3 a1=Q 52. Kf4
Qd4+ 53. Kf3 Qxh4 {Normal} 0-1

[Event "Rated Blitz game"]
[Site "?"]
[Date "2021.05.24"]
[Round "?"]
[White "GoughPhar"]
[Black "JACarmona"]
[Result "1-0"]
[WhiteElo "2408"]
[BlackElo "2281"]
[PlyCount "129"]
[EventDate "2021.??.??"]
[EventType "blitz"]
[TimeControl "180"]

1. e4 e5 2. Nf3 Nc6 3. Nc3 Nf6 4. Nxe5 Nxe5 5. d4 Ng6 6. e5 Ng8 7. Bc4 d5 8.
Bxd5 c6 9. Bb3 Bb4 10. Qf3 Qc7 11. O-O Bxc3 12. bxc3 Be6 13. Bxe6 fxe6 14. Rb1
N8e7 15. Qh3 Qd7 16. Ba3 O-O 17. f4 Rxf4 18. Rxf4 Nxf4 19. Qg4 Nfg6 20. h4 Nf5
21. h5 Nge7 22. Qe4 b5 23. g4 Nh6 24. Rf1 Rf8 25. Rxf8+ Kxf8 26. Qxh7 Nxg4 27.
Bd6 Nh6 28. Kf1 Kf7 29. Ke2 Nef5 30. Qg6+ Kg8 31. Qg2 Nxd6 32. exd6 Qxd6 33.
Kd1 e5 34. Kc1 exd4 35. cxd4 Nf5 36. Qe4 Nxd4 37. Qe8+ Kh7 38. Qe4+ Kg8 39.
Qe8+ Qf8 40. Qe4 Qa3+ 41. Kd2 Nf3+ 42. Ke2 Ng5 43. Qe8+ Qf8 44. Qxc6 Qf6 45.
Qe8+ Kh7 46. Qxb5 Qf3+ 47. Kd2 Qxh5 48. a4 Qg6 49. a5 Qd6+ 50. Kc1 Ne4 51. Qh5+
Kg8 52. Qe8+ Kh7 53. Qxe4+ g6 54. Qh1+ Kg7 55. Qb7+ Kh6 56. Qxa7 Qa3+ 57. Kd1
Qd6+ 58. Ke2 Qe5+ 59. Qe3+ Qxe3+ 60. Kxe3 Kg5 61. Kf3 Kf6 62. a6 Ke6 63. a7 Kd7
64. a8=Q Kc7 65. Qe4 {Normal} 1-0

[Event "Rated Blitz tournament x4KfFpGr"]
[Site "?"]
[Date "2021.05.24"]
[Round "?"]
[White "ljdr"]
[Black "chickenReturn"]
[Result "1-0"]
[WhiteElo "2479"]
[BlackElo "2311"]
[PlyCount "147"]
[EventDate "2021.??.??"]
[EventType "blitz"]
[TimeControl "180+2"]

1. e4 e5 2. Nf3 Nf6 3. Nc3 Nc6 4. Nxe5 Nxe5 5. d4 d6 6. dxe5 dxe5 7. Qxd8+ Kxd8
8. Bg5 Bb4 9. O-O-O+ Bd7 10. Nd5 Be7 11. Nxe7 Kxe7 12. Bc4 Bc6 13. f3 Rad8 14.
Be3 b6 15. a3 Bd7 16. h4 Be6 17. Bb5 Rxd1+ 18. Rxd1 Rd8 19. Rxd8 Kxd8 20. g4
Bd7 21. Be2 Ke7 22. h5 Ne8 23. h6 g6 24. Kd2 f5 25. exf5 gxf5 26. Bd3 e4 27.
fxe4 fxe4 28. Bxe4 Nf6 29. Bg5 Kf7 30. Bxf6 Kxf6 31. Bxh7 Bxg4 32. Bd3 Be6 33.
Ke3 Bg8 34. h7 Bxh7 35. Bxh7 Ke5 36. Bd3 c5 37. c3 Kd5 38. c4+ Ke5 39. b4 a6
40. bxc5 bxc5 41. Kd2 Kd4 42. a4 a5 43. Bf1 Ke4 44. Kc3 Ke3 45. Bg2 Kf4 46. Bc6
Ke5 47. Kd3 Kf4 48. Bb5 Ke5 49. Ke3 Kf5 50. Kf3 Ke5 51. Ke3 Kf5 52. Bc6 Ke5 53.
Be4 Kd6 54. Kf4 Ke6 55. Bd5+ Kd6 56. Ke4 Ke7 57. Ke5 Kd7 58. Be4 Kc7 59. Kd5
Kb6 60. Kd6 Ka6 61. Kxc5 Ka7 62. Kb5 Kb8 63. Bd3 Kc7 64. Kxa5 Kb8 65. Kb5 Ka7
66. c5 Kb8 67. c6 Kc7 68. a5 Kb8 69. a6 Ka7 70. Ka5 Kb8 71. Kb6 Ka8 72. Bc4 Kb8
73. c7+ Kc8 74. Be6# {Normal} 1-0

[Event "Rated Blitz game"]
[Site "?"]
[Date "2021.05.24"]
[Round "?"]
[White "kahvitauko"]
[Black "LarsenMagnus"]
[Result "0-1"]
[WhiteElo "2484"]
[BlackElo "2544"]
[PlyCount "180"]
[EventDate "2021.??.??"]
[EventType "blitz"]
[TimeControl "180"]

1. e4 e5 2. Nf3 Nf6 3. Nc3 Nc6 4. Nxe5 Nxe5 5. d4 Ng6 6. e5 Ng8 7. Bc4 Bb4 8.
O-O Bxc3 9. bxc3 N8e7 10. Qf3 O-O 11. g3 d5 12. exd6 cxd6 13. a4 d5 14. Bd3 Bh3
15. Re1 Re8 16. Bg5 Qd7 17. Re3 Nc6 18. Rae1 Rxe3 19. Rxe3 Re8 20. Bb5 Rxe3 21.
Bxe3 a6 22. Bxc6 bxc6 23. Qe2 Qg4 24. f3 Qe6 25. Kf2 h5 26. Qxa6 Ne7 27. Bf4 f6
28. a5 g5 29. Bd2 g4 30. f4 Qe4 31. Qe2 Qg2+ 32. Ke3 Nf5+ 33. Kd3 Qf3+ 34. Qxf3
gxf3 35. Be3 Bf1+ 36. Kd2 Bc4 37. Bf2 Nd6 38. Ke3 Be2 39. Be1 Nc4+ 40. Kf2 Nxa5
41. h3 Nc4 42. g4 hxg4 43. hxg4 Kf7 44. Kg3 Ne3 45. Bf2 Nxc2 46. f5 Na3 47. Kf4
Nb5 48. Be1 Nd6 49. g5 fxg5+ 50. Kxg5 Ne4+ 51. Kf4 f2 52. Bxf2 Nxf2 53. Ke3 Bd3
54. Kxf2 Bxf5 55. Ke3 Bc8 56. Kf4 Ba6 57. Ke5 Ke7 58. Kf5 Kd6 59. Kf6 Bc8 60.
Kf7 Bd7 61. Kf6 Be6 62. Kg5 Ke7 63. Kg6 Bd7 64. Kg7 Bf5 65. Kh6 Kf6 66. Kh5 Be6
67. Kh4 Kf5 68. Kg3 Ke4 69. Kf2 Kd3 70. Kf3 Kxc3 71. Ke3 Kc4 72. Kf4 Kxd4 73.
Kg5 c5 74. Kf6 Bc8 75. Ke7 c4 76. Kd8 Bh3 77. Kc7 Kc5 78. Kd8 d4 79. Ke7 c3 80.
Kf6 d3 81. Kg5 Bc8 82. Kh4 d2 83. Kg5 c2 84. Kf6 c1=B 85. Ke7 d1=Q 86. Kf6 Bf4
87. Kg7 Qd6 88. Kf7 Be6+ 89. Ke8 Qd7+ 90. Kf8 Bd6# {Normal} 0-1

[Event "Rated Blitz game"]
[Site "?"]
[Date "2021.05.24"]
[Round "?"]
[White "Barretts_Gambiteer"]
[Black "sierra92"]
[Result "0-1"]
[WhiteElo "2414"]
[BlackElo "2457"]
[PlyCount "92"]
[EventDate "2021.??.??"]
[EventType "blitz"]
[TimeControl "180"]

1. e4 e5 2. Nf3 Nc6 3. Nc3 Nf6 4. Nxe5 Nxe5 5. d4 d6 6. dxe5 dxe5 7. Qxd8+ Kxd8
8. Bg5 Be7 9. O-O-O+ Bd7 10. Bc4 Rf8 11. Rd2 Kc8 12. Rhd1 Bc6 13. f3 h6 14. Bh4
a6 15. Rd3 b5 16. Bb3 Kb7 17. R1d2 Rad8 18. Nd1 Rxd3 19. Rxd3 a5 20. a3 g5 21.
Bg3 Nd7 22. Ne3 Nc5 23. Rd2 Nxb3+ 24. cxb3 Bd6 25. Nf5 Bc5 26. Kc2 f6 27. Nxh6
b4 28. a4 Be3 29. Rd3 Bc5 30. Nf5 Kb6 31. h3 Bb7 32. Be1 Ba6 33. Rd7 Bf1 34. g3
Bxh3 35. Nh6 Bg2 36. Rd3 Bf1 37. Rd2 Be3 38. Rh2 Rh8 39. Ng4 Rxh2+ 40. Nxh2 Be2
41. g4 Bg1 42. Bg3 Bxh2 43. Bxh2 Bxf3 44. Kd3 Bxg4 45. Bg1+ Kc6 46. Ke3 Bd1 {
Normal} 0-1

[Event "Rated Blitz game"]
[Site "?"]
[Date "2021.05.24"]
[Round "?"]
[White "weeza"]
[Black "gil13579"]
[Result "0-1"]
[WhiteElo "2423"]
[BlackElo "2473"]
[PlyCount "68"]
[EventDate "2021.??.??"]
[EventType "blitz"]
[TimeControl "180"]

1. e4 e5 2. Nf3 Nc6 3. Nc3 Nf6 4. Nxe5 Nxe5 5. d4 Bd6 6. dxe5 Bxe5 7. f4 Bxc3+
8. bxc3 Nxe4 9. Bd3 Qh4+ 10. g3 Nxg3 11. hxg3 Qxh1+ 12. Ke2 Qxd1+ 13. Kxd1 O-O
14. Ba3 d6 15. Kd2 Bg4 16. c4 Rfe8 17. Bb2 Re7 18. Bd4 c5 19. Bc3 Rae8 20. Rg1
Bf3 21. g4 Be4 22. Bf1 d5 23. cxd5 Bxd5 24. Bd3 c4 25. Bf1 Rd7 26. Kc1 b5 27.
Kb2 Be4 28. f5 Rd1 29. g5 Bxf5 30. g6 Bxg6 31. a4 a6 32. Rh1 bxa4 33. Rg1 Rb8+
34. Ka3 Rc1 {Normal} 0-1

[Event "Rated Blitz game"]
[Site "?"]
[Date "2021.05.24"]
[Round "?"]
[White "brunosten"]
[Black "SeanGarnier"]
[Result "0-1"]
[WhiteElo "2531"]
[BlackElo "2444"]
[PlyCount "82"]
[EventDate "2021.??.??"]
[EventType "blitz"]
[TimeControl "180"]

1. e4 e5 2. Nf3 Nc6 3. Nc3 Nf6 4. Nxe5 Nxe5 5. d4 Ng6 6. e5 Ng8 7. Bc4 d5 8.
Bxd5 c6 9. Bb3 Bb4 10. O-O Bxc3 11. bxc3 N8e7 12. f4 O-O 13. g4 Nd5 14. f5 Qh4
15. fxg6 Bxg4 16. gxh7+ Kh8 17. Qe1 Qxh7 18. c4 Ne7 19. Rf4 Bh5 20. Be3 Nf5 21.
c3 g5 22. Rf1 Rae8 23. Bc2 Bg6 24. Bxg5 f6 25. Bxf5 Bxf5 26. Bf4 Rg8+ 27. Bg3
fxe5 28. dxe5 Be4 29. Rf6 Rxg3+ 30. hxg3 Qh1+ 31. Kf2 Qg2+ 32. Ke3 Rxe5 33. Kf4
Re7 34. Qf1 Qd2+ 35. Kg4 Rg7+ 36. Kh3 Bg2+ 37. Qxg2 Rh7+ 38. Kg4 Qxg2 39. Rf8+
Kg7 40. Rf4 Qe2+ 41. Kf5 Rh5# {Normal} 0-1

[Event "Rated Blitz game"]
[Site "?"]
[Date "2021.05.24"]
[Round "?"]
[White "kahvitauko"]
[Black "LarsenMagnus"]
[Result "1-0"]
[WhiteElo "2475"]
[BlackElo "2554"]
[PlyCount "49"]
[EventDate "2021.??.??"]
[EventType "blitz"]
[TimeControl "180"]

1. e4 e5 2. Nf3 Nf6 3. Nc3 Nc6 4. Nxe5 Nxe5 5. d4 Ng6 6. e5 Ng8 7. Bc4 Bb4 8.
Qf3 Bxc3+ 9. bxc3 d5 10. Bxd5 Be6 11. Bxb7 N8e7 12. Bxa8 O-O 13. Be4 f5 14. Bd3
c5 15. O-O c4 16. Be2 f4 17. Ba3 Rf5 18. Qh3 Rxe5 19. Bg4 Bxg4 20. Qxg4 Rf5 21.
Rae1 Qd5 22. Bxe7 Nxe7 23. Rxe7 Rg5 24. Qe6+ Qxe6 25. Rxe6 {Normal} 1-0

[Event "Rated Blitz game"]
[Site "?"]
[Date "2021.05.24"]
[Round "?"]
[White "forbiddencheapos"]
[Black "GustiFirmansyah"]
[Result "1-0"]
[WhiteElo "2424"]
[BlackElo "2341"]
[PlyCount "53"]
[EventDate "2021.??.??"]
[EventType "blitz"]
[TimeControl "300"]

1. e4 e5 2. Nf3 Nc6 3. Nc3 Nf6 4. Nxe5 Nxe5 5. d4 Ng6 6. e5 d5 7. exf6 gxf6 8.
Qf3 Be6 9. h4 h5 10. Bd3 Bg7 11. Qg3 Qd6 12. Qxd6 cxd6 13. g3 O-O-O 14. O-O f5
15. Ne2 Bf6 16. c3 Rhg8 17. Kh2 Nxh4 18. gxh4 Bxh4 19. Bf4 Rg4 20. f3 Rg6 21.
Rg1 Kc7 22. Rxg6 fxg6 23. Rg1 Bf7 24. Bg5 Bxg5 25. Rxg5 Re8 26. Nf4 Re3 27. Kg2
{Normal} 1-0

[Event "Rated Blitz game"]
[Site "?"]
[Date "2021.05.24"]
[Round "?"]
[White "Hyo_Lee"]
[Black "DerMichel"]
[Result "1-0"]
[WhiteElo "2471"]
[BlackElo "2335"]
[PlyCount "89"]
[EventDate "2021.??.??"]
[EventType "blitz"]
[TimeControl "180"]

1. Nc3 e5 2. Nf3 Nc6 3. e4 Nf6 4. Nxe5 Nxe5 5. d4 Ng6 6. e5 Ng8 7. Bc4 d6 8.
exd6 Bxd6 9. O-O N8e7 10. Bg5 h6 11. Bxe7 Bxe7 12. Re1 O-O 13. Qh5 Kh7 14. Rad1
Bd6 15. Ne4 Nf4 16. Qf3 Qg5 17. Nxg5+ hxg5 18. h3 Bf5 19. Bd3 Bxd3 20. cxd3 c6
21. Qg4 f6 22. g3 Nd5 23. Qf5+ Kh8 24. a3 a5 25. Re6 Rad8 26. Rde1 Kg8 27. Qg6
Rf7 28. Re8+ Rxe8 29. Rxe8+ Bf8 30. h4 gxh4 31. gxh4 Nf4 32. Qg3 Nd5 33. h5 Re7
34. Rxe7 Bxe7 35. h6 g5 36. Qb8+ Kh7 37. Qxb7 Kxh6 38. Qxc6 Nf4 39. Qe4 Bf8 40.
d5 Ng6 41. Qe6 Kg7 42. d6 Nf4 43. Qd7+ Kg6 44. Qe8+ Kg7 45. d7 {Normal} 1-0

[Event "Rated Blitz game"]
[Site "?"]
[Date "2021.05.24"]
[Round "?"]
[White "khalid_ontawar"]
[Black "BLITZ16"]
[Result "1-0"]
[WhiteElo "2445"]
[BlackElo "2292"]
[PlyCount "91"]
[EventDate "2021.??.??"]
[EventType "blitz"]
[TimeControl "180"]

1. e4 e5 2. Nc3 Nf6 3. Nf3 Nc6 4. Nxe5 Nxe5 5. d4 Ng6 6. e5 Ng8 7. Bc4 Bb4 8.
Qf3 Qe7 9. O-O Bxc3 10. bxc3 c6 11. a4 d5 12. exd6 Qxd6 13. Qxf7+ Kd8 14. Bg5+
Nf6 15. Qxg7 Rf8 16. Qxh7 Bf5 17. Qxb7 Rb8 18. Qxa7 Nf4 19. Rfe1 N4d5 20. Bxd5
cxd5 21. Re5 Bd7 22. Rae1 Rc8 23. Qa5+ Rc7 24. Rxd5 Qc6 25. Rc5 Qb7 26. Bf4 Nd5
27. Bxc7+ Nxc7 28. g3 Rf6 29. Rxc7 Qxc7 30. Qg5 Qd6 31. Qxf6+ Qxf6 32. Re5 Bc6
33. d5 Qf3 34. dxc6 Qxc6 35. Re3 Kc7 36. Rd3 Qc4 37. h4 Qa2 38. Rd2 Qb1+ 39.
Kg2 Qb7+ 40. f3 Qb1 41. Rf2 Qe1 42. g4 Qe3 43. g5 Qe5 44. Kh3 Qe6+ 45. Kg2 Qd6
46. f4 {Time forfeit} 1-0

[Event "Rated Blitz game"]
[Site "?"]
[Date "2021.05.23"]
[Round "?"]
[White "mincso"]
[Black "Maestro99az"]
[Result "0-1"]
[WhiteElo "2417"]
[BlackElo "2488"]
[PlyCount "48"]
[EventDate "2021.??.??"]
[EventType "blitz"]
[TimeControl "180+2"]

1. e4 Nf6 2. Nc3 e5 3. Nf3 Nc6 4. Nxe5 Nxe5 5. d4 Ng6 6. e5 Ng8 7. Bc4 d6 8.
Qf3 f6 9. O-O c6 10. Re1 dxe5 11. dxe5 f5 12. e6 N8e7 13. Bg5 Qa5 14. h4 Ne5
15. Qe2 Nxc4 16. Qxc4 Ng6 17. e7 Bxe7 18. h5 Ne5 19. Qf4 Bf6 20. Bxf6 gxf6 21.
Qh6 Kf7 22. Rad1 Be6 23. Rd6 Rae8 24. Qf4 Rhg8 {Time forfeit} 0-1

[Event "Rated Blitz game"]
[Site "?"]
[Date "2021.05.23"]
[Round "?"]
[White "modernpetrosian"]
[Black "juniortay"]
[Result "0-1"]
[WhiteElo "2396"]
[BlackElo "2462"]
[PlyCount "102"]
[EventDate "2021.??.??"]
[EventType "blitz"]
[TimeControl "180"]

1. e4 e5 2. Nf3 Nf6 3. Nc3 Nc6 4. Nxe5 Bc5 5. Nf3 Nd4 6. e5 Qe7 7. Ne2 Nxf3+ 8.
gxf3 O-O 9. d4 Nd5 10. dxc5 Qxe5 11. c3 Re8 12. Rg1 d6 13. Bh6 g6 14. c6 bxc6
15. Qd4 Qxd4 16. cxd4 Ba6 17. Kd2 Rab8 18. b3 Rb4 19. Be3 f5 20. Nf4 Nxf4 21.
Bxf4 Bxf1 22. Rgxf1 Rxd4+ 23. Kc2 Rxf4 24. Rae1 Kf7 25. Re3 d5 26. Rfe1 Rxe3
27. Rxe3 Rh4 28. Rc3 Rxh2 29. Rxc6 Rxf2+ 30. Kc3 Rxf3+ 31. Kd4 g5 32. Rxc7+ Kf6
33. Rxh7 g4 34. Rxa7 g3 35. Ra6+ Kg5 36. Ra8 Rf4+ 37. Ke3 Rg4 38. Rg8+ Kh4 39.
Rxg4+ Kxg4 40. Ke2 Kh3 41. Kf1 Kh2 42. Ke2 g2 43. a4 g1=Q 44. Kd3 Qa7 45. Kc3
f4 46. b4 f3 47. a5 f2 48. b5 f1=Q 49. b6 Qc4+ 50. Kb2 Qxa5 51. b7 Qab5+ {
Normal} 0-1

[Event "Rated Blitz game"]
[Site "?"]
[Date "2021.05.23"]
[Round "?"]
[White "khalid_ontawar"]
[Black "IDantesI"]
[Result "1-0"]
[WhiteElo "2443"]
[BlackElo "2342"]
[PlyCount "43"]
[EventDate "2021.??.??"]
[EventType "blitz"]
[TimeControl "180"]

1. e4 e5 2. Nc3 Nf6 3. Nf3 Nc6 4. Nxe5 Nxe5 5. d4 Ng6 6. e5 Ng8 7. Bc4 Bb4 8.
Qf3 Bxc3+ 9. bxc3 f6 10. O-O Nh6 11. Bxh6 gxh6 12. exf6 Kf8 13. Rfe1 c6 14. d5
b5 15. Bb3 c5 16. c4 d6 17. cxb5 Kf7 18. Re7+ Nxe7 19. fxe7+ Kxe7 20. Re1+ Kd7
21. b6 axb6 22. Qf7+ {Normal} 1-0

[Event "Rated Blitz game"]
[Site "?"]
[Date "2021.05.23"]
[Round "?"]
[White "weeza"]
[Black "superguti"]
[Result "1-0"]
[WhiteElo "2406"]
[BlackElo "2382"]
[PlyCount "85"]
[EventDate "2021.??.??"]
[EventType "blitz"]
[TimeControl "180"]

1. e4 e5 2. Nf3 Nc6 3. Nc3 Nf6 4. Nxe5 Nxe5 5. d4 d6 6. dxe5 dxe5 7. Qxd8+ Kxd8
8. Bg5 c6 9. O-O-O+ Ke7 10. f4 h6 11. Bh4 exf4 12. e5 g5 13. exf6+ Kxf6 14. Bf2
Rg8 15. Bd4+ Kg6 16. h4 Bf5 17. h5+ Kh7 18. Bc4 Be6 19. Bd3+ f5 20. Rhe1 Bc8
21. Re2 Bg7 22. Bxg7 Kxg7 23. Re7+ Kf6 24. Rde1 g4 25. Bc4 Rg7 26. Re8 f3 27.
gxf3 gxf3 28. Rf1 Rg3 29. Nd1 b5 30. Bd3 Bb7 31. Rxa8 Bxa8 32. Kd2 a6 33. Ke3
c5 34. b3 Kg5 35. Nf2 f4+ 36. Kd2 Kxh5 37. c4 b4 38. Bf5 Kg5 39. Bc8 a5 40. Kd3
h5 41. Ne4+ Kh4 42. Rh1+ Rh3 43. Rxh3# {Normal} 1-0

[Event "Rated Blitz game"]
[Site "?"]
[Date "2021.05.23"]
[Round "?"]
[White "weeza"]
[Black "pressive"]
[Result "0-1"]
[WhiteElo "2408"]
[BlackElo "2636"]
[PlyCount "52"]
[EventDate "2021.??.??"]
[EventType "blitz"]
[TimeControl "180"]

1. e4 e5 2. Nf3 Nc6 3. Nc3 Nf6 4. Nxe5 Nxe5 5. d4 Ng6 6. e5 Ng8 7. Bc4 d5 8.
Bxd5 c6 9. Bb3 Be6 10. Bxe6 fxe6 11. Qg4 Qd7 12. h4 O-O-O 13. h5 N6e7 14. Be3
Nf5 15. O-O-O Bb4 16. Ne4 Ngh6 17. Qe2 Qd5 18. Bxh6 Qxa2 19. Nc3 Bxc3 20. bxc3
gxh6 21. Kd2 Qd5 22. Ra1 Nxd4 23. cxd4 Qxd4+ 24. Qd3 Qxf2+ 25. Kc3 Rxd3+ 26.
cxd3 Rd8 {Normal} 0-1

[Event "Rated Blitz game"]
[Site "?"]
[Date "2021.05.22"]
[Round "?"]
[White "weeza"]
[Black "O00PS"]
[Result "0-1"]
[WhiteElo "2404"]
[BlackElo "2248"]
[PlyCount "104"]
[EventDate "2021.??.??"]
[EventType "blitz"]
[TimeControl "180"]

1. e4 e5 2. Nf3 Nc6 3. Nc3 Nf6 4. Nxe5 Nxe5 5. d4 Ng6 6. e5 Ng8 7. Bc4 c6 8.
Qf3 d5 9. exd6 Be6 10. d5 cxd5 11. Bxd5 Bxd5 12. Qxd5 Bxd6 13. Qxb7 Nf6 14.
Qc6+ Kf8 15. O-O h6 16. Rd1 Ne8 17. Be3 Rc8 18. Qa6 Qc7 19. Nb5 Bxh2+ 20. Kh1
Qb8 21. g3 Bxg3 22. fxg3 Rxc2 23. Qa3+ Kg8 24. Qd3 Rxb2 25. Bxa7 Qb7+ 26. Qd5
Rxb5 27. Qxb7 Rxb7 28. Bf2 Nf6 29. Kg2 Kh7 30. Rab1 Rxb1 31. Rxb1 Ra8 32. Ra1
Ra3 33. Bc5 Rc3 34. Bf2 Ne4 35. Kg1 Rc2 36. Be3 Nxg3 37. a4 Nh4 38. Bf2 Ne2+
39. Kf1 Nf5 40. Kg2 Nf4+ 41. Kf3 Ne6 42. a5 Rc3+ 43. Ke4 Nd6+ 44. Ke5 Nb5 45.
Kd5 Rd3+ 46. Kc6 Nc3 47. Kb6 Rd6+ 48. Ka7 Rd7+ 49. Kb6 Nd5+ 50. Kc6 Nd4+ 51.
Kc5 Ne6+ 52. Kc4 Ne3+ {Time forfeit} 0-1

[Event "Rated Blitz game"]
[Site "?"]
[Date "2021.05.22"]
[Round "?"]
[White "weeza"]
[Black "GeenLouisV"]
[Result "0-1"]
[WhiteElo "2408"]
[BlackElo "2434"]
[PlyCount "98"]
[EventDate "2021.??.??"]
[EventType "blitz"]
[TimeControl "180"]

1. e4 e5 2. Nf3 Nc6 3. Nc3 Nf6 4. Nxe5 Nxe5 5. d4 Nc6 6. e5 Bb4 7. exf6 Qxf6 8.
d5 Ne5 9. Be2 O-O 10. O-O d6 11. Ne4 Qg6 12. Ng3 Re8 13. Be3 Ba5 14. Bh5 Qf6
15. Ne4 Qe7 16. Bg5 Qd7 17. Ng3 Bb6 18. Re1 Qb5 19. b3 Qc5 20. Be3 Qa5 21. Bxb6
Qxb6 22. Qd2 Bd7 23. Qg5 Ng6 24. Bxg6 hxg6 25. h4 Qd4 26. Rad1 Rxe1+ 27. Rxe1
Re8 28. Rxe8+ Bxe8 29. h5 f6 30. Qc1 gxh5 31. Nxh5 Bxh5 32. Qe1 Bf7 33. Qe7 Qc5
34. c4 a5 35. Qd8+ Kh7 36. Qe7 Bg6 37. Qe2 a4 38. bxa4 Qb4 39. Qe3 Qxa4 40.
Qh3+ Kg8 41. Qc8+ Qe8 42. Qxc7 Qe1+ 43. Kh2 Qxf2 44. Qxd6 Qh4+ 45. Kg1 Qxc4 46.
Qd8+ Kh7 47. d6 Be4 48. Qe7 Qe2 49. g4 Qg2# {Normal} 0-1

[Event "Rated Blitz game"]
[Site "?"]
[Date "2021.05.22"]
[Round "?"]
[White "khalid_ontawar"]
[Black "V_vs"]
[Result "1-0"]
[WhiteElo "2449"]
[BlackElo "2527"]
[PlyCount "91"]
[EventDate "2021.??.??"]
[EventType "blitz"]
[TimeControl "180"]

1. e4 Nc6 2. Nc3 e5 3. Nf3 Nf6 4. Nxe5 Nxe5 5. d4 d6 6. dxe5 dxe5 7. Qxd8+ Kxd8
8. Bg5 c6 9. Bxf6+ gxf6 10. O-O-O+ Kc7 11. Bc4 Bh6+ 12. Kb1 Rf8 13. f3 f5 14.
exf5 Bxf5 15. Ne4 Bg6 16. Bd3 f5 17. Nc5 Rae8 18. Bc4 Rf6 19. Rd7+ Kc8 20. Rxb7
Be3 21. Ba6 Bxc5 22. Rf7+ Kb8 23. Rxf6 Kc7 24. h4 e4 25. h5 Bd4 26. hxg6 Bxf6
27. fxe4 hxg6 28. exf5 gxf5 29. Rf1 Re5 30. Bd3 f4 31. a3 Bg5 32. Rh1 Re3 33.
Ka2 Be7 34. Rh7 Kb6 35. Rf7 Bd6 36. Rf6 Be5 37. Rf5 Bd6 38. b4 Kc7 39. Kb3 Kb6
40. Rg5 Rg3 41. Rxg3 fxg3 42. Be4 a5 43. c4 axb4 44. axb4 c5 45. b5 Be5 46. Kc2
{Time forfeit} 1-0

[Event "Rated Blitz game"]
[Site "?"]
[Date "2021.05.22"]
[Round "?"]
[White "laNoviadeChucky"]
[Black "Swop1107"]
[Result "0-1"]
[WhiteElo "2269"]
[BlackElo "2458"]
[PlyCount "62"]
[EventDate "2021.??.??"]
[EventType "blitz"]
[TimeControl "180+2"]

1. e4 e5 2. Nf3 Nc6 3. Nc3 Nf6 4. Nxe5 Nxe5 5. d4 Ng6 6. e5 Bb4 7. exf6 Qxf6 8.
Be3 O-O 9. Bd3 Re8 10. O-O Bxc3 11. bxc3 b6 12. Qd2 Bb7 13. f4 Nh4 14. Rf2 Bxg2
15. Rxg2 Nf3+ 16. Kh1 Nxd2 17. Bxd2 d5 18. f5 Re4 19. Bxe4 dxe4 20. Rf1 Re8 21.
Bg5 Qc6 22. Rg3 e3+ 23. Kg1 Qxc3 24. Bf6 g6 25. fxg6 fxg6 26. Be5 c5 27. Rff3
cxd4 28. Rxe3 Qxe3+ 29. Rxe3 dxe3 30. Bc3 e2 31. Kf2 Rc8 {Normal} 0-1

[Event "Rated Blitz game"]
[Site "?"]
[Date "2021.05.22"]
[Round "?"]
[White "Din-don-dan"]
[Black "O_Batzorig"]
[Result "1-0"]
[WhiteElo "2378"]
[BlackElo "2435"]
[PlyCount "61"]
[EventDate "2021.??.??"]
[EventType "blitz"]
[TimeControl "180"]

1. e4 e5 2. Nf3 Nf6 3. Nc3 Nc6 4. Nxe5 Nxe5 5. d4 Nc6 6. d5 Ne5 7. f4 Ng6 8. e5
Ng8 9. Qe2 Bb4 10. Bd2 Nh6 11. O-O-O O-O 12. Qc4 Bxc3 13. Bxc3 d6 14. Be2 Bg4
15. Bf3 Bxf3 16. gxf3 Qh4 17. Rd4 Nf5 18. Re4 Ng3 19. Be1 Nxe5 20. fxe5 Qg5+
21. f4 Nxe4 22. fxg5 Nxg5 23. Rg1 h6 24. h4 Nh7 25. Qg4 g6 26. Bd2 h5 27. Qxh5
dxe5 28. Bh6 Kh8 29. Qxe5+ f6 30. Qe7 Rg8 31. Qxc7 {Normal} 1-0

[Event "Rated Rapid game"]
[Site "?"]
[Date "2021.05.22"]
[Round "?"]
[White "nwb14"]
[Black "Doctor2700"]
[Result "1-0"]
[WhiteElo "2546"]
[BlackElo "2589"]
[PlyCount "111"]
[EventDate "2021.??.??"]
[EventType "rapid"]
[TimeControl "600"]

1. e4 e5 2. Nf3 Nc6 3. Nc3 Nf6 4. Nxe5 Nxe5 5. d4 Ng6 6. e5 Ng8 7. Bc4 Bb4 8.
Qf3 Bxc3+ 9. bxc3 Qe7 10. O-O Nh6 11. Bxh6 gxh6 12. Qe3 O-O 13. f4 d6 14. f5
Qg5 15. Qxg5 hxg5 16. fxg6 hxg6 17. exd6 cxd6 18. Rf6 Kg7 19. Rxd6 Bf5 20. Bd3
Bxd3 21. cxd3 Rac8 22. c4 Rfd8 23. Rxd8 Rxd8 24. d5 b5 25. Rb1 bxc4 26. dxc4
Rc8 27. Rb4 a5 28. Ra4 Rc5 29. Kf2 Kf6 30. Ke3 Ke5 31. Kd3 f5 32. Ra3 f4 33.
Rb3 g4 34. Rb5 Rxb5 35. cxb5 Kxd5 36. a4 g5 37. Kc3 f3 38. gxf3 gxf3 39. Kd3 g4
40. Ke3 Kc5 41. h3 gxh3 42. Kxf3 Kb4 43. b6 Kxa4 44. b7 h2 45. Kg2 h1=Q+ 46.
Kxh1 Ka3 47. b8=Q a4 48. Qg3+ Ka2 49. Qf2+ Kb1 50. Qe1+ Kb2 51. Qd2+ Kb3 52.
Qc1 Ka2 53. Qc2+ Ka3 54. Kg2 Kb4 55. Qa2 a3 56. Kf2 {Normal} 1-0